000 01045nam a2200289Ia 4500
003 OSt
005 20221005110634.0
006 a|||||r|||| 00| 0
007 ta
008 221004b |||||||| |||| 00| 0 hin d
020 _a8126309067 (hbk)
_cINR 70.00
024 _a37047
037 _bBW/1688, 15/03/2018, Bookwell
_cTextual
040 _aCRL
_cCRL
_bhin
041 _2hin
_ahin
082 _aO152,3N51,HS, P3
100 _aतेजिन्दर, ले.
245 0 _aहैलो सुजित
246 _aHailo sujita
260 _aनई दिल्ली
_bभारतीय ज्ञानपीठ भारत
_c2003
300 _a97पृ0
_ccm.
490 _aलोकोदय ग्रन्थमाला; ग्रन्थांक 722
650 _a हिन्दी साहित्य
650 _aहिन्दी कहानी
942 _hO152,3N51,HS, P3
_cTEXL
_2cc
999 _c1019424
_d1019424